| 000 | 00612nam a22001937a 4500 | ||
|---|---|---|---|
| 999 |
_c471 _d471 |
||
| 003 | AR-CdUCM | ||
| 008 | 190223b ||||| |||| 00| 0 spa d | ||
| 040 |
_aMUNICIPALIDAD PROVINCIAL DEL CUSCO _cBIBLIOTECA MUNICIPAL DEL CUSCO |
||
| 082 |
_a890.69 / _bP85 |
||
| 100 |
_aPrenz, Juan Octavio _91858 |
||
| 245 |
_aPoetas contemporáneos de Yugoslavia / _cJuan Octavio Prenz |
||
| 260 |
_aLima : _bJuan Mejia Baca, _c1977. |
||
| 300 |
_a243 paginas ; _c17 cm. |
||
| 650 |
_aPoesías yugoslavas _91859 |
||
| 650 |
_aColecciones _9607 |
||
| 650 |
_aBibliografía _91484 |
||
| 942 |
_2ddc _cLIBROS |
||
| 945 |
_aacv _d2019-02-23 |
||